Multiple Choice City Quiz – Rio de Janeiro - Statistics

General Stats
  • This quiz has been taken 13,822 times
    13,806 since last reset
  • The average score is 8 of 10
Answer Stats
Question Answer % Correct
Which of these landmarks can be found in Rio? Christ the Redeemer
99%
When did Rio host the Summer Olympics? 2016
91%
What are Copacabana and Ipanema? Beaches
90%
What is a favela? a shanty town
86%
Which of these dances has its origins in Rio and other Brazilian cities? Samba
75%
Which of these movies takes place in Rio? City of God
71%
What mountain in Rio's harbor is named for its distinctive shape? Sugarloaf Mountain
68%
What type of animal is the protagonist in the movie "Rio"? Macaw
63%
Who is the Rio-born author that wrote "The Alchemist"? Paulo Coelho
61%
Rio's famous Carnaval celebration comes just before what religious observance? Lent
50%
No matching quizzes found
Score Distribution
Percent of People with Each Score
Percentile by Number Answered
Your Score History
You have not taken this quiz since the last reset